Statistics for That 1970's Music (Hard)

Click here to take the quiz!

General Stats

  • This quiz has been taken 611 times
  • The average score is 10 of 25

Answer Stats

HintAnswer% Correct
ABCJackson 5
83%
LolaKinks
74%
We've Only Just BegunCarpenters
61%
All Right NowFree
60%
25 or 6 to 4Chicago
59%
In the SummertimeMungo Jerry
59%
Signed, Sealed, DeliveredStevie Wonder
54%
American WomanGuess Who
53%
Instant KarmaJohn Lennon
53%
Make it with youBread
51%
Spirit in the SkyNorman Greenbaum
50%
Mama told me not to comeThree Dog Night
48%
He ain't heavy, He's my BrotherHollies
44%
Looking out my BackdoorCCR
43%
Bridge over troubled waterSimon & Garfunkel
39%
The Thrill is GoneBB King
32%
CandidaTony Orlando & Dawn
30%
Spill the wineWar
27%
Mississippi QueenMountain
26%
Ball of ConfusionTemptations
25%
Green Eyed LadySugarloaf
12%
Ride Captain RideBlues Image
10%
Easy Come, Easy GoBobby Sherman
10%
Give me Just a Little More TimeChairman of The Board
10%
Hitchin a rideVanity Fair
10%

Score Distribution

Percentile by Number Answered

Percent of People with Each Score

Your Score History

You have not taken this quiz